| 000 | 00699nam a2200217 a 4500 | ||
|---|---|---|---|
| 001 | 67568 | ||
| 003 | BD-RjUL | ||
| 005 | 20211209081654.0 | ||
| 008 | 170327s1963 nyua b 001 0 eng d | ||
| 035 | _a(BD-RjUL)67699 | ||
| 040 |
_aBD-RjUL _beng _cBD-RjUL _dBD-RjUL |
||
| 041 | _aeng | ||
| 082 |
_223 _a530.13 _bMAI 1963 |
||
| 100 | 1 |
_aMacDonald, D. K. C. _q(David Keith Chalmers), _d1920- _9200208 |
|
| 245 | 1 | 0 |
_aIntroductory statistical mechanics for physicists / _cD.K.C. MacDonald. |
| 260 |
_aNew York ; London : _bWiley, _c1963 |
||
| 300 |
_aix, 176 p. : _bill. ; _c24 cm. |
||
| 504 | _aBibliography: p. 162-164. - Includes index. | ||
| 650 | 0 |
_aStatistical mechanics. _9200209 |
|
| 942 |
_2ddc _cBK |
||
| 999 |
_c67568 _d67568 |
||